000 008950000a22002050004500
999 _c47486
_d47486
001 233
003 CO-MdFUSB
005 20180216163838.0
008 170915b xxu||||| |||| 00| 0 eng d
020 _a958-677-287--X
040 _cCO-MdBIC
082 0 4 _a036 Z148
100 1 _aElorza M, Gustavo de
245 1 0 _aNueva Enciclopedia Autodidactica / Gustavo de Elorza Martinez, editor
260 _aBogotá : Zamora Editores Ltda
300 _aI-XVI, 561-800 P.
500 _aIncluye instrumento de autoevaluación, en la forma de cuestionario
505 0 0 _aVolumen 1 : Ciencias de la vida Volumen 2 : Informatica y ciencias de la produccion Volumen 3 : Matematicas, física y química Volumen 4 : Ciencias de la tierra Volumen 5 : Historia de la humanidad Volumen 6 : Historia de las artes Volumen 7 : Literatura Universal y Castellana Volumen 8 : Ciencias de la sociedad
942 _cLGB